Geography Quiz

Random Geography or State Quiz

States Without Income Tax Quiz Stats

 Plays Quiz Updated Jan 10, 2019

Support Sporcle.
Go Orange.
Score 0/7 Timer 01:30
0 Plays Today
State % Correct
Texas
76.5%
Florida
74.9%
Alaska
68.2%
Nevada
54.7%
Wyoming
50.9%
Washington
48.9%
South Dakota
45.1%

From the Vault

Language... By 14 Other Categories!

by SporcleEXP

Don't all quizzes require some language knowledge?
Remove Ads.
Support Sporcle.
Get the best of Sporcle when you Go Orange. This ad-free experience offers more features, more stats, and more fun while also helping to support Sporcle. Thank you for becoming a member.

Show Comments

Extras

Top Quizzes Today


Score Distribution

Your Account Isn't Verified!

In order to create a playlist on Sporcle, you need to verify the email address you used during registration. Go to your Sporcle Settings to finish the process.

Report this User

Report this user for behavior that violates our Community Guidelines.

Details: